000
00336nam a2200157Ia 4500
100
_a
Kanetkar/ Yashwant
250
_a
3
942
_c
BK
654
_a
Pointers in C
245
_a
Understanding Pointers in C
260
_b
BPB Publications
_c
2001
082
_a
005.133'C'
_b
KAN
300
_a
501
546
_a
ENGLISH
999
_c
20749
_d
20749